Association sportifs/sport - Mort subite - Statistiques

Statistiques générales
  • Ce quiz a été pris 1 685 fois
  • Le résultat moyen est 8 sur 17
Answers on the Grid
Answers color-coded by a green-red scale on the quiz's grid according to % correct below.
Florent Manaudou / Natation
Alain Prost / F1
Lance Armstrong / Cyclisme
Kylian Mbappé / Football
LeBron James / Basket-ball
Nikola Karabatic / Hand-Ball
Teddy Riner / Judo
Félix Lebrun / Tennis de table
Roger Federer / Tennis
Antoine Dupont / Rugby
Tiger Woods / Golf
Jean-Claude Killy/ Ski
Albert de Monaco / Bobsleigh
Usain Bolt / Athlétisme
Loïck Peyron / Voile
Léo Marchand / Natation
Louis Armstrong / Cyclisme
Alexis Lebrun / Tennis
Lewis Hamilton / Athlétisme
Rafaël Nadal / Handball
Michel Blanc / Football
Kimi Räikkönen / Golf
Philippe Candeloro / Patinage artistique
Zinédine Zidane / Patinage artistique
Mike Tyson / Boxe
Diego Maradona / F1
David Douillet / Boxe
Tony Parker / Rugby
Sébastien Chabal / Ski
Tony Estanguet / Voile
 
Statistiques - réponses
Réponse % Correct
Florent Manaudou / Natation
56%
Kylian Mbappé / Football
56%
Usain Bolt / Athlétisme
55%
Antoine Dupont / Rugby
54%
LeBron James / Basket-ball
54%
Teddy Riner / Judo
54%
Roger Federer / Tennis
52%
Mike Tyson / Boxe
51%
Félix Lebrun / Tennis de table
50%
Nikola Karabatic / Hand-Ball
50%
Tiger Woods / Golf
50%
Lance Armstrong / Cyclisme
43%
Alain Prost / F1
41%
Philippe Candeloro / Patinage artistique
39%
Jean-Claude Killy/ Ski
22%
Albert de Monaco / Bobsleigh
21%
Loïck Peyron / Voile
18%
Aucun quiz correspondant
Distribution des résultats
% des personnes avec chaque résultat
Percentile par nombre de réponses
Votre historique - résultats
Vous n’avez pas pris ce quiz